书目信息 |
| 题名: |
大学物理手册
|
|
| 作者: | 亚沃尔斯基 , 杰特拉夫 著 ;雷仕湛 译 | |
| 分册: | 第四分册 声学、光学和电磁波 | |
| 出版信息: | 上海 上海翻译出版公司 1985 |
|
| 页数: | 202页 | |
| 开本: | 19cm | |
| 丛书名: | ||
| 单 册: | ||
| 中图分类: | O4-62 | |
| 科图分类: | ||
| 主题词: | 物理学 | |
| 电子资源: | ||
| ISBN: | ||
| 000 | 00804nam0 2200253 45 | |
| 001 | 0185009885 | |
| 005 | 20060510150003.03 | |
| 010 | @dCNY1.35 | |
| 091 | @a13311.8 | |
| 100 | @a19900904d1985 emky0chiy0121 ea | |
| 101 | 1 | @achi@beng@crus |
| 102 | @aCN@b310000 | |
| 105 | @ay z 000yy | |
| 200 | 10 | @a大学物理手册@Ada xue wu li shou ce@h第四分册@i声学、光学和电磁波@f(苏)B·亚沃尔斯基, (苏)A·杰特拉夫著@F(su)B·ya wo er si ji,(su)A·jie te la fu zhu@g雷仕湛译 |
| 210 | @a上海@c上海翻译出版公司@d1985 | |
| 215 | @a202页@d19cm | |
| 606 | 0 | @a物理学 |
| 690 | @aO4-62 | |
| 701 | 1 | @a亚沃尔斯基@Aya wo er si ji@bB.@4著 |
| 701 | 1 | @a杰特拉夫@Ajie te la fu@bA.@4著 |
| 702 | 0 | @a雷仕湛@Alei shi zhan@4译 |
| 801 | 0 | @aCN@b深圳图书馆@c20060510 |
| 801 | 2 | @aCN@bNLC@c20060429 |
| 905 | @dO4-62@e113:4 | |
| 大学物理手册.第四分册.声学、光学和电磁波/(苏)B·亚沃尔斯基, (苏)A·杰特拉夫著/雷仕湛译.-上海:上海翻译出版公司,1985 |
| 202页;19cm |
| ISBN :CNY1.35 |
| ● |
| 相关链接 |
|
|
|
|
正题名:大学物理手册
索取号:O4-62/113:4
 
预约/预借
| 序号 | 登录号 | 条形码 | 馆藏地/架位号 | 状态 | 备注 |
| 1 | 0139156 | 202309910 | 密集书库/ [索取号:O4-62/113:4] | 在馆 | |
| 2 | 0139157 | 202309901 | 密集书库/ [索取号:O4-62/113:4] | 在馆 | |
| 3 | 0139158 | 202294622 | 密集书库/ [索取号:O4-62/113:4] | 在馆 | |
| 4 | 0139159 | 202309876 | 密集书库/ [索取号:O4-62/113:4] | 在馆 | |
| 5 | 0139160 | 202294551 | 密集书库/ [索取号:O4-62/113:4] | 在馆 | |
| 6 | 0139161 | 202294597 | 密集书库/ [索取号:O4-62/113:4] | 在馆 | |
| 7 | 0139162 | 202309947 | 密集书库/ [索取号:O4-62/113:4] | 在馆 | |
| 8 | 0139163 | 202294588 | 密集书库/ [索取号:O4-62/113:4] | 在馆 | |
| 9 | 0139164 | 202309956 | 密集书库/ [索取号:O4-62/113:4] | 在馆 | |
| 10 | 0139165 | 001930968 | 第三借阅区/ [索取号:O4-62/113:4] | 在馆 |